000 00520nam a2200169Ia 4500
003 GCL
008 140319s9999 xx 000 0 ara d
040 _aGCL /
_cGCL
082 0 4 _a150
_bم س
100 1 _aمجدى احمد محمد عبدالله
245 1 0 _aالسلوك الاجتماعى ودينامياته محاولة تفسيرية /
_cمجدى احمد محمد عبدالله
300 _a318 ص
490 _a100 قصة
_v0
650 0 4 _aعلم النفس
650 0 4 _aالسلوك
942 _2ddc
_cBK
999 _c43972
_d43972